<?xml version="1.0" encoding="UTF-8"?>
<collection xmlns="http://www.loc.gov/MARC21/slim">
  <record>
    <leader>00000nam  2200000   4500</leader>
    <controlfield tag="001">INLIS000000000017391</controlfield>
    <controlfield tag="005">20240830032327</controlfield>
    <datafield tag="035" ind1="#" ind2="#">
      <subfield code="a">0010-0824000012</subfield>
    </datafield>
    <controlfield tag="007">ta</controlfield>
    <controlfield tag="008">240830################|##########|#|##</controlfield>
    <datafield tag="084" ind1="#" ind2="#">
      <subfield code="a">R 036 PKP 2023</subfield>
    </datafield>
    <datafield tag="100" ind1=" " ind2="#">
      <subfield code="a">Rachel Yulindah Sabarofek</subfield>
    </datafield>
    <datafield tag="245" ind1="1" ind2="#">
      <subfield code="a">Pengembangan Aplikasi PAPEDA (Peran Pemerintah Daerah) pada Website Kementerian Desa /</subfield>
      <subfield code="c">Rachel Yulindah Sabarofek</subfield>
    </datafield>
    <datafield tag="260" ind1="#" ind2="#">
      <subfield code="a">Jakarta :</subfield>
      <subfield code="b">Pusbangkom Pimnas dan Manajerial ASN,</subfield>
      <subfield code="c">2023</subfield>
    </datafield>
    <datafield tag="300" ind1="#" ind2="#">
      <subfield code="a">50 halaman ;</subfield>
      <subfield code="c">30 cm</subfield>
    </datafield>
    <datafield tag="650" ind1="#" ind2="4">
      <subfield code="a">Pengembangan Aplikasi</subfield>
    </datafield>
    <datafield tag="650" ind1="#" ind2="4">
      <subfield code="a">Website</subfield>
    </datafield>
    <datafield tag="520" ind1="#" ind2="#">
      <subfield code="a">Strategi melakukan pelatihan di wilayan terisolir tersebut yaitu dengan mengembangkan aplikasi PAPEDA (Peran Pemerintah Daerah) pada Website Kementerian Desa yang bertujuan untuk mempermudah sinergitas program kegiatan BPPMDDTTT Jayapura dengan Pemerintah Daerah di Wilayah Papua. Aplikasi PAPEDA dioperasikan oleh Kepala Bidang Pemberdayaan Masyarakat Desa, Kepala Bidang Pariwisata dan Kepala Bidang Transmigrasi pada dinas terkait agar data wilayah pelatihan dan masyarakat yang akan dilatih valid dan lengkap sehingga dapat di perkirakan dari sisi biaya, transportasi, penginapan para tim BPPMDDTT Jayapura dan untuk mengidentifikasi pelathian yang tepat untuk masyarakat.</subfield>
    </datafield>
    <datafield tag="856" ind1="#" ind2="#">
      <subfield code="a">Perpustakaan LAN Pusat</subfield>
    </datafield>
    <datafield tag="990" ind1="#" ind2="#">
      <subfield code="a">24.08.036</subfield>
    </datafield>
  </record>
</collection>
